Psicoanálisis de la delincuencia juvenil

Gorde:
Xehetasun bibliografikoak
Egile nagusia: Friedlander, Kate (Egilea)
Formatua: Liburua
Hizkuntza:gaztelania
Argitaratua: Buenos Aires Paidos 1950
Saila:Ciencia y sociedad
Gaiak:
Etiketak: Etiketa erantsi
Etiketarik gabe, Izan zaitez lehena erregistro honi etiketa jartzen!

MARC

LEADER 00000nam a2200000 a 4500
001 UCW6188
003 CL-VaPUC
008 911029e19500000AG |||||||||||||||||spa|d
082 0 4 |a 364.36  |b FRI  |2 21 
100 0 |a Friedlander, Kate  |e author  |9 311187 
245 1 0 |a Psicoanálisis de la delincuencia juvenil 
300 |a 366 p 
942 |c BK 
945 |d 19911029 00:00:00 
260 |a Buenos Aires  |b Paidos  |c 1950 
650 7 |a PSICOLOGIA CRIMINAL  |2 CL-VaPUC  |9 256274 
650 0 |a Delincuencia juvenil  |9 311188 
650 0 |a Psicoanálisis   |9 265702 
583 |a last modification  |c 19911029 00:00:00  |k Rodrigo Vera 
490 0 |a Ciencia y sociedad 
999 |c 219343  |d 219341 
952 |0 0  |1 0  |4 0  |6 364_360000000000000_FRI_1950  |7 0  |8 P  |9 210153  |a BIBEDU  |b BIBEDU  |c BIBEDU_PB  |d 2019-11-15  |i 2782340  |o 364.36 FRI 1950  |p 2782340  |r 2024-01-25  |w 2019-11-15  |y BK  |k EDU 
952 |0 0  |1 0  |4 0  |6 364_360000000000000_FRI_1950  |7 0  |8 P  |9 210154  |a BIBEDU  |b BIBEDU  |c BIBEDU_PB  |d 2019-11-15  |i 2782359  |o 364.36 FRI 1950  |p 2782359  |r 2024-01-25  |w 2019-11-15  |y BK  |k EDU